000 00847nam a22002297a 4500
999 _c10050
_d10050
003 AR-CdUCM
008 190329b ||||| |||| 00| 0 spa d
040 _aMUNICIPALIDAD PROVINCIAL DEL CUSCO
_cBIBLIOTECA MUNICIPAL DEL CUSCO
041 _hfr
082 _aEP / 800 /
_bF62
100 _aFleuriot, Zenaide
_926678
245 _aBeltrán El Intrépido /
260 _aBarcelona :
_bEditorial Molino,
_c1959.
300 _a158 páginas ;
_bIlustraciones,
_c19 cm.
505 _aContenido: Beltran el intrépido y su hermana -- Los estudios y los amigos -- Los niños se divierten tanto en las rocas como en longuel -- Muñecas y cuervos...
650 _aLiteratura juvenil
_91580
650 _aFicción
_9184
650 _aLiteratura escolar
_926679
700 _aPiquerez, Delia (traducción)
_926680
942 _2ddc
_cLIBROS
945 _adavv